| 000 | 01470nam a2200397Ic 4500 | ||
|---|---|---|---|
| 001 | 58901 | ||
| 003 | CO-BoRNBP | ||
| 005 | 20250829152714.0 | ||
| 007 | ta | ||
| 008 | 210920s20172020sp er 000 0dspa d | ||
| 020 | _a9788490567906 | ||
| 040 |
_aCO-BoRNBP _bspa _erda _cCO-BoRNBP |
||
| 041 | _aspa | ||
| 082 | 0 | 4 |
_a320.12 _bK16v _222 |
| 082 | 0 | 4 |
_a911 _bK16v |
| 100 |
_aKaplan, Robert D., _d1952- _eaut _964349 |
||
| 245 | 1 | 3 |
_aLa venganza de la geografía : _bla geografía marca el destino de las naciones / _cRobert D. Kaplan ; traducción de Laura Martín de Dios. |
| 250 |
_aPrimera edición _bSegunda reimpresión |
||
| 264 | 1 |
_aBarcelona, España : _bRBA Libros, _c2020 |
|
| 300 | _a478 páginas | ||
| 336 |
_atexto _btxt _2rdacontent |
||
| 337 |
_asin mediación _bn _2rdamedia |
||
| 338 |
_avolumen _bnc _2rdacarrier |
||
| 500 | _aIncluye índice analítico y de nombres | ||
| 500 | _aIncluye notas | ||
| 504 | _aBibliografía: páginas 427-461 | ||
| 505 | 1 | _aVisionarios -- El mapa de principios del siglo XXI -- El destino de Estados Unidos | |
| 521 | _aRecomendado para un público adulto | ||
| 534 | _bThe revenge of geography | ||
| 545 | _aIncluye datos biográficos del autor en la solapa | ||
| 650 | 0 | 7 |
_aGeografía económica _ySiglo XX _2lemb _964350 |
| 650 | 0 | 7 |
_aGeopolítica _ySiglo XX _2lemb _964351 |
| 650 | 0 | 7 |
_aGeografia _xAspectos políticos _ySiglo XX _2LEMB _964352 |
| 700 |
_aMartín de Dios, Laura _etrl _964353 |
||
| 942 |
_2ddc _cBK |
||
| 999 |
_c58901 _d58901 |
||